Qui as dis ces citations arc Thriller Bark - Statistiques

Statistiques générales
  • Ce quiz a été pris 35 fois
  • Le résultat moyen est 16 sur 20
Statistiques - réponses
Hint Réponse % Correct
L'heure de la résurrection a enfin sonné ! L'unique Berserk de l'histoire, qu'on appelle aussi "démon", le grand "oz" !! Moria
100%
Attend ! En fait, je, je, je suis un homme !! Nami
100%
C'est qu'à la base, je pense tout en négatif !! Usopp
100%
Merci pour le sabre ! Mais on va dire que ce duel a eu deux vainqueurs samouraï du pays de Wa !! Zoro
100%
Un homme n'a qu'une parole, et je tiendrait la mienne !! Brook
96%
Les êtres humains doivent être libres !! Et toi tu es le premier à les traiter comme des bêtes !! Chopper
96%
Le gouvernement craint que chapeau de paille et ses hommes ne fassent de nouveau tomber un grand corsaire. Kuma
96%
Malheureusement pour toi, il y a autre chose qui nous lie toi et moi. Sanji
96%
Si tu veux vivre un cauchemar, Moria fais-le sans nous !! Je n'ai pas l'intention de faire mumuse avec toi !! Luffy
93%
Et si vous mettiez un terme au pilotage de ce zombie ? Robin
89%
J'ai beau avoir une sacrée expérience en termes de combat, là ça s'annonce vraiment délicat !! Franky
82%
Sous aucun prétexte vous ne devez y pénétrer... Hogback
82%
Non, ça ira ! C'est le prix à payer pour mettre en quelqu'un tous ses espoirs !! Laura
82%
Montrez-vous chapeau de paille et compagnie !! Oz
79%
Parce que je serre ton cœur dans mes mains et que je vais réduire en bouillie !! Perona
79%
Il s'appelle "Shusui" ! Et je suis certain qu'il sera comblé de t'avoir pour maître. Ryuma
71%
Bien, les proies ont pénétré sur nos terres, mes chers ! La nuit vous appartient, donnez-vous-en à cœur joie !! Absalom
68%
Mon corps, il refuse de bouger... Cindry
50%
Je peux vous conduire jusqu'au manoir à bord de ma voiture... le manoir du Dr Hogback... Hildon
18%
Si tu savais comme je suis désolé !! Yorki
11%
Aucun quiz correspondant
Distribution des résultats
% des personnes avec chaque résultat
Percentile par nombre de réponses
Votre historique - résultats
Vous n’avez pas pris ce quiz